000 00746nam a22002297a 4500
003 DO-SdBNP
005 20240228191900.0
008 210223b 2020 dr p 00| 0 eng d
020 _a9789945920994
040 _aDO-SdBNP
_bspa
_cBNPHU
082 4 _aBNPHU RD863.44
_bO96c
_222
100 1 _aOvalles, Pedro,
_d1957-
_923781
245 1 0 _aEl color de la mirada /
_cPedro Ovalles
260 _aSanto Domingo :
_bPoetas de la Era,
_c2020.
300 _a118 p. ;
_bil.,
_c23 cm.
500 _aIncluye datos biográficos del autor en la solapa de la cubierta.
590 _aInventariado, 2021 /LP
650 1 4 _aPoesía dominicana
_978298
650 1 4 _aLiteratura dominicana
_978299
910 _aLP/Validado. Control de calidad MFF
942 _2ddc
_cLBS1
999 _c49435
_d49435